000 00176 a2200097 4500
020 _a0439079454
041 _aspa
100 _aMcDermott, Gerald
245 _aCoyote
942 _cBK
999 _c8823
_d8823